[Event "Cutro op-B 10th"]
[Site "Cutro"]
[Date "2004.04.30"]
[Round "6"]
[White "Procopio, Giuseppe"]
[Black "Barbuto, Sergio"]
[Result "0-1"]
[WhiteElo "1559"]
[BlackElo "1808"]
[PlyCount "94"]
[EventDate "2004.04.25"]
[EventType "swiss"]
[EventRounds "7"]
[EventCountry "ITA"]
[SourceTitle "EXT 2023"]
[Source "ChessBase"]
[SourceDate "2022.10.05"]
[SourceVersion "1"]
[SourceVersionDate "2022.10.05"]
[SourceQuality "1"]

1. d4 d5 2. c4 e6 3. a3 Nf6 4. e3 c6 5. Nf3 Bd6 6. c5 Bc7 7. Be2 Nbd7 8. Bd2 0-0 9. Nc3 Re8 10. 0-0 e5 11. dxe5 Nxe5 12. b4 Qe7 13. Re1 Bd7 14. Nxe5 Qxe5 15. f4 Qe7 16. Bf3 Bf5 17. Rc1 a6 18. Ne2 Be4 19. Nd4 Bxf3 20. Nxf3 Ne4 21. Qe2 Rad8 22. Nd4 Qd7 23. Qd1 Re7 24. Rc2 Rde8 25. Bc1 Bb8 26. Qf3 g6 27. Qe2 Nf6 28. Qf3 Re4 29. Rce2 Qc7 30. g3 Qd7 31. Kg2 Bc7 32. Bd2 Bd8 33. a4 Be7 34. a5 Bf8 35. Bc3 Bg7 36. Nb3 Rc4 37. Bd2 Ne4 38. Rb1 Bc3 39. Bxc3 Nxc3 40. Nd2 Nxb1 41. Nxc4 dxc4 42. Qf2 Nc3 43. Rd2 Qe6 44. Rd4 Nb5 45. Rd2 Qxe3 46. Qxe3 Rxe3 47. Rd7 c3 0-1